Bible - The New Testament - Statistics

General Stats
  • This quiz has been taken 91 times
    87 since last reset
  • The average score is 21 of 28
Answer Stats
Question Answer % Correct
Where was Jesus born? Bethlehem
96%
What angel appeared before Mary and told her that she would give birth to a son, and she was to call him Jesus? Gabriel
96%
What prophet offered to wash away the people's sins in the river Jordan and became known as the Baptist? John
96%
How many apostles did Jesus chose to travel with him and learn from his teachings and miracles? 12
93%
What object the three Magi saw on the sky and followed it believing that was a sign that a new king had been born? Star
93%
Who was the king of Judea when Jesus was born? Herod
91%
Who had promised to betray Jesus to the priests? Judas Iscariot
91%
What was Jesus's first miracle that he performed at the wedding feast in Cana? He turned water into wine
87%
Who did Jesus raise from the dead? Lazarus
87%
What was Jesus found guilty of? Blasphemy
84%
What was the place where Jesus was crucified called? Golgotha
84%
How is today called the receiving of the body and blood of Jesus? Holy Communion
82%
What animal Jesus rode when he arrived to Jerusalem in the week before Passover? Donkey
80%
What happened to Paul when approaching Damascus a light came down from heaven? He became blind
78%
What was the name of Zechariah's and Elizabeth's son who became a great prophet? John
73%
Which apostle made three missionary journeys around the eastern Mediterranean, founding churches? Paul
71%
How many sets of brothers were among the apostles? Two
71%
Who were a rich Jewish man from Arimathea and his friend who collected Jesus's body, wrapped him in strips of linen and carried to a tomb? Joseph and Nicodemus
69%
When Jesus asked the apostles who they thought he was, who was the only apostle who replied that he was the Messiah, the Son of the living God? Simon
69%
How were the people who were not Jewish called? Gentile
62%
What are the names of Jesus's life stories? Gospels
60%
What did Jesus do with Simon (later known as Peter) and Andrew? They went fishing
60%
Who was persecuted and stoned to death by an angry Jewish mob for his Christian activity and preaching? Stephen
58%
Who was executed by the order of Herod Antipas because he criticized him for marrying his brother's wife, Herodias? John
56%
Which harvest festival followed soon after Jesus's ascension into heaven? Pentecost
56%
Who was the king of Judea who beheaded the apostle James and imprisoned the apostle Peter? Herod Agrippa I
51%
Philip performed many miracles, including healing the sick. How was he called? The Evangelist
51%
Who was the only apostle whose death was recorded in the Bible and who was beheaded by King Herod Agrippa I? James
44%
No matching quizzes found
Score Distribution
Percent of People with Each Score
Percentile by Number Answered
Your Score History
You have not taken this quiz since the last reset